00740 a2200205 450000500170000000800410001702000150005804000500007304100080012310000340013124500980016526000370026330000330030049000310033365000360036465000360040065000350043665000310047170000320050220180312141946.0131009s2001 ck a br|||| 00| 0 spa d a9580462666 aCO-BoUCMbspacJose A. GerenadJose A. Gerena0 aspa1 aGarcía Domínguez, Ramón13aUn grillo del tercer mileniumcRamón García Domínguez ; ilustraciones de Daniel López c2001bNormaaBogotá (Colombia) a129 páginasbilustraciones aTorre de papelaTorre azul 7aLiteratura infantil española  7aLibros ilustrados para niños  7aLibros y lectura para niños  7aAnimales en la literatura 1 aLópez, Danieleilustrador